Finding Dora Maar : An Artist, an Address Book, a Life /
"A found address book leads to discoveries about the private life and world of the enigmatic artist Dora Maar"--
| Clasificación: | Libro Electrónico |
|---|---|
| Autor principal: | |
| Otros Autores: | |
| Formato: | Electrónico eBook |
| Idioma: | Inglés Francés |
| Publicado: |
Los Angeles :
Getty Publications,
[2020]
|
| Colección: | Book collections on Project MUSE.
|
| Temas: | |
| Acceso en línea: | Texto completo |
MARC
| LEADER | 00000cam a22000004a 4500 | ||
|---|---|---|---|
| 001 | musev2_77993 | ||
| 003 | MdBmJHUP | ||
| 005 | 20230905052040.0 | ||
| 006 | m o d | ||
| 007 | cr||||||||nn|n | ||
| 008 | 200115t20202020cau o 00 0 eng d | ||
| 010 | |z 2020001243 | ||
| 020 | |a 9781606066607 | ||
| 020 | |z 9781606066591 | ||
| 035 | |a (OCoLC)1139013166 | ||
| 040 | |a MdBmJHUP |c MdBmJHUP | ||
| 041 | 1 | |a eng |h fre | |
| 043 | |a e-fr--- | ||
| 050 | 0 | 4 | |a N6853.M118 |
| 082 | 0 | |a 709.2 |2 23 | |
| 100 | 1 | |a Benkemoun, Brigitte, |d 1959- |e author. | |
| 240 | 1 | 0 | |a Je suis le carnet de Dora Maar. |l English |
| 245 | 1 | 0 | |a Finding Dora Maar : |b An Artist, an Address Book, a Life / |c Brigitte Benkemoun ; translated from the French by Jody Gladding. |
| 264 | 1 | |a Los Angeles : |b Getty Publications, |c [2020] | |
| 264 | 3 | |a Baltimore, Md. : |b Project MUSE, |c 2020 | |
| 264 | 4 | |c ©[2020] | |
| 300 | |a 1 online resource (216 pages). | ||
| 336 | |a text |b txt |2 rdacontent | ||
| 337 | |a computer |b c |2 rdamedia | ||
| 338 | |a online resource |b cr |2 rdacarrier | ||
| 504 | |a Includes bibliographical references. | ||
| 520 | |a "A found address book leads to discoveries about the private life and world of the enigmatic artist Dora Maar"-- |c Provided by publisher. | ||
| 588 | |a Description based on print version record. | ||
| 600 | 1 | 0 | |a Maar, Dora |x Friends and associates. |
| 600 | 1 | 0 | |a Maar, Dora. |
| 651 | 0 | |a Paris (France) |x Intellectual life |y 20th century. | |
| 655 | 7 | |a Electronic books. |2 local | |
| 700 | 1 | |a Gladding, Jody, |d 1955- |e translator. | |
| 710 | 2 | |a Getty Publications, |e publisher. | |
| 765 | 0 | 8 | |i Translation of: |a Benkemoun, Brigitte, 1959- |t Je suis le carnet de Dora Maar. |d Paris : Stock, [2019] |z 9782234083608 |w (OCoLC)1109472159 |
| 776 | 1 | 8 | |i Print version: |a Benkemoun, Brigitte, 1959- |t Finding Dora Maar |d Los Angeles : Getty Publications, [2020] |z 9781606066591 |w (DLC) 2020001242 |
| 710 | 2 | |a Project Muse. |e distributor | |
| 830 | 0 | |a Book collections on Project MUSE. | |
| 856 | 4 | 0 | |z Texto completo |u https://projectmuse.uam.elogim.com/book/77993/ |
| 945 | |a Project MUSE - Custom Collection | ||
| 945 | |a Project MUSE - 2020 Complete | ||
| 945 | |a Project MUSE - 2020 Global Cultural Studies | ||


